000 00485nam a2200169 i 4500
001 45165
003 ES-MaACL
005 20230906161152.0
007 t|
008 030325s1971 mx ||||1| spa d
100 1 _aCiria, Alberto.
_938884
245 1 0 _aPerón y el justicialismo /
_cpor Alberto Ciria.
250 _a[1ª ed.].
260 _aMéxico :
_bSiglo Veintiuno ;
_aBuenos Aires :
_bLa Prensa,
_c[1971]
300 _a193 p. ;
_c15 cm.
852 _aES-MaACL
_jA-10273
_bR.99477
999 _c45165
_d45165